Generative Deep Learning : (Record no. 612793)
[ view plain ]
| 000 -LEADER | |
|---|---|
| fixed length control field | 00410nam a22001457a 4500 |
| 020 ## - INTERNATIONAL STANDARD BOOK NUMBER | |
| International Standard Book Number | 9781098134181 |
| 040 ## - CATALOGING SOURCE | |
| Transcribing agency | NUST |
| 082 ## - DEWEY DECIMAL CLASSIFICATION NUMBER | |
| Classification number | 006.31 |
| Author Mark | FOS |
| 100 ## - MAIN ENTRY--PERSONAL NAME | |
| Personal name | Foster, David |
| 9 (RLIN) | 127773 |
| 245 ## - TITLE STATEMENT | |
| Title | Generative Deep Learning : |
| Remainder of title | Teaching Machines to Paint, Write, Compose and Play / |
| Statement of responsibility, etc. | David Foster |
| 260 ## - PUBLICATION, DISTRIBUTION, ETC. | |
| Place of publication, distribution, etc. | United State : |
| Name of publisher, distributor, etc. | O’Reilly; |
| Date of publication, distribution, etc. | 2023. |
| 300 ## - PHYSICAL DESCRIPTION | |
| Extent | xxvi :426p. |
| 500 ## - GENERAL NOTE | |
| General note | HB |
| 942 ## - ADDED ENTRY ELEMENTS (KOHA) | |
| Source of classification or shelving scheme | |
| Koha item type | Book |
| Withdrawn status | Lost status | Source of classification or shelving scheme | Damaged status | Not for loan | Permanent Location | Current Location | Shelving location | Date acquired | Total Checkouts | Full call number | Barcode | Checked out | Date last seen | Date last checked out | Price effective from | Koha item type | Total Renewals |
|---|---|---|---|---|---|---|---|---|---|---|---|---|---|---|---|---|---|
| School of Mechanical & Manufacturing Engineering (SMME) | School of Mechanical & Manufacturing Engineering (SMME) | General Stacks | 02/06/2025 | 1 | 006.31 FOS | SMME-4629 | 06/06/2025 | 02/06/2025 | 02/06/2025 | 02/06/2025 | Book | ||||||
| School of Mechanical & Manufacturing Engineering (SMME) | School of Mechanical & Manufacturing Engineering (SMME) | General Stacks | 02/06/2025 | 1 | 006.31 FOS | SMME-4630 | 04/08/2026 | 02/18/2026 | 02/06/2025 | Book | |||||||
| School of Mechanical & Manufacturing Engineering (SMME) | School of Mechanical & Manufacturing Engineering (SMME) | General Stacks | 02/06/2025 | 1 | 006.31 FOS | SMME-4631 | 11/27/2025 | 10/28/2025 | 10/28/2025 | 02/06/2025 | Book | ||||||
| School of Mechanical & Manufacturing Engineering (SMME) | School of Mechanical & Manufacturing Engineering (SMME) | General Stacks | 02/06/2025 | 2 | 006.31 FOS | SMME-4632 | 09/30/2025 | 05/02/2025 | 02/06/2025 | Book | 3 | ||||||
| School of Mechanical & Manufacturing Engineering (SMME) | School of Mechanical & Manufacturing Engineering (SMME) | General Stacks | 02/06/2025 | 3 | 006.31 FOS | SMME-4633 | 03/03/2026 | 10/29/2025 | 02/06/2025 | Book |
